| 000 | 00690cam a22002173a 4500 | ||
|---|---|---|---|
| 001 | 45313 | ||
| 003 | PGUSA | ||
| 005 | 20140828084039.0 | ||
| 008 | 140403s2014||||xxu|||||s|||||000 | eng d | ||
| 040 |
_aPGUSA _beng |
||
| 042 | _adc | ||
| 245 | 1 | 2 |
_aA System of Practical Medicine By American Authors, Vol. II : _bGeneral Diseases (Continued) and Diseases of the Digestive System _h[electronic resource] / _cVarious |
| 260 |
_bProject Gutenberg, _c2014 |
||
| 506 | _aPublic domain in the USA. | ||
| 516 | _aElectronic text | ||
| 700 | 1 | _aPepper, William | |
| 700 | 1 | _aStarr, Louis | |
| 830 | 0 |
_aProject Gutenberg _v45313 |
|
| 856 | 4 | 0 | _uhttp://www.gutenberg.org/ebooks/45313 |
| 942 | _cEB | ||
| 999 |
_c274564 _d274564 |
||